| 000 | 01132nab a22002297a 4500 | ||
|---|---|---|---|
| 999 |
_c6274 _d6274 |
||
| 003 | OSt | ||
| 005 | 20260128203901.0 | ||
| 008 | 190514b xxu||||| |||| 00| 0 spa d | ||
| 040 | _cPJ | ||
| 100 |
_96976 _aChuburu, Agostina Belén |
||
| 245 | 1 | 0 |
_aViolencia en la escuela : _cresponsabilidad de las instituciones ante el deber de protección hacia NNA / _bAgostina Belén Chuburu. |
| 300 | _ap. 168-173 | ||
| 500 | _aCita: TR LALEY AR/DOC/2718/2025. | ||
| 505 | _aSumario: I. Introducción.— II. Extracto del caso.— III. Sentencia.— IV. Protección reforzada en entornos escolares.— V. Reflexiones finales. | ||
| 505 | _tFallo comentado: TGestión Asociada, Nro. 2 Mendoza ~ 19/06/2025 ~ C. S. A. D. c. Dirección General de Escuelas s/ proceso de consumo. | ||
| 650 | 0 |
_9967 _aDERECHO DE FAMILIA |
|
| 650 | 0 |
_92584 _aVIOLENCIA |
|
| 650 | 0 |
_93318 _aESTABLECIMIENTOS EDUCACIONALES |
|
| 650 | 0 |
_91057 _aJURISPRUDENCIA APLICABLE |
|
| 773 | 0 |
_02844 _93222 _dBuenos Aires : AbeledoPerrot, 1989- _tDerecho de familia. Revista Interdisciplinaria de doctrina y jurisprudencia. Diciembre 2025-VI. _z18511201 |
|
| 942 |
_2udc _cANA |
||